000
00211 a2200097 4500
001
37910
100
_a
Robinson A
245
_a
Cracking the GRE
260
_a
India
_b
Random House
_c
1998
090
_c
24094
_d
24094
942
_a
NUST-CAE
_c
M
_c
15663
999
_c
272983
_d
272983